Quizzes
Events
Quiz Creation
Community
Videos
Private Events
Remove Ads
Sign In
Join for FREE
Feedback
Dark Mode
Quiz Categories
Sports
Geography
Music
Movies
Television
Just For Fun
Miscellaneous
History
Literature
Language
Science
Gaming
Entertainment
Religion
Holiday
For Kids
Quiz Lab
Recent
Popular Today
Quiz Kudos Today
Editor Picks
Curator Picks
Quizzes by...
Day
Popularity
Type
Ratings
Length
Year
Community
Subscriptions
Recent Discussions
Orange Saloon
Badges
Playlists
Quests
Create
Leaderboards
Showdown
Live 5
Trivia Bingo
Activity
Puzzle Library
Sporcle Events
Private Events
Virtual Trivia
Globe League
Become a Host
Pub Owners
SporcleCon
Opinionation
Our Games
Videos
Blog
Mobile Apps
Partnerships
Remove Ads and Go Orange
Feedback
Sports
Athletes
MLB
NBA
NHL
NFL
Soccer
Sports Teams
WWE
NCAA
Football
Premier League
Basketball
Baseball
Hockey
Golf
Tennis
Cricket
Rugby
Auto Racing
Olympics
World Cup
Sports
Athletes
MLB
NBA
NHL
NFL
Soccer
Sports Teams
WWE
NCAA
Football
Premier League
Basketball
Baseball
Hockey
Golf
Tennis
Cricket
Rugby
Auto Racing
Olympics
World Cup
Random Quiz
Search Sporcle
×
Quiz Lab
Quiz Lab
Sports
team
Type in answers that appear in a list
Type in answers that appear in a list
Classic
Best Score? Go Orange.
Most Team Homers All-Time Stats
Can you name the teams with the most home runs in order?
By
seife2
5m
30 Questions
99 Plays
99 Plays
99 Plays
Comments
Comments
Give Quiz Kudos
Give Quiz Kudos
-
- Ratings
hide this ad
Forced Order
Answers have to be entered in order
Answers have to be entered in order
Replay
Link that replays current quiz
Next Quiz
Link to next quiz in quiz playlist
You Got
0%
They Got
Avg Score
36%
Avg Friend Score
Upgrade to see
Score Distribution
Jump to the score distribution portion of the page
Score
0/30
Timer
05:00
0
Plays Today
Home Runs
Team
% Correct
14,248
New York Yankees
99%
13,523
San Francisco Giants
80.8%
12,749
Chicago Cubs
69.7%
12,517
Atlanta Braves
53.5%
12,053
Boston Red Sox
51.5%
12,346
Detroit Tigers
45.5%
2027
Tampa Bay Rays
43.4%
11,842
Cincinnati Reds
42.4%
11,797
Philadelphia Phillies
39.4%
2667
Florida Marlins
38.4%
2248
Arizona Diamondbacks
38.4%
11,633
Oakland Athletics
37.4%
3260
Colorado Rockies
37.4%
11,388
Los Angeles Dodgers
36.4%
11,589
Cleveland Indians
35.4%
Home Runs
Team
% Correct
10,775
St. Louis Cardinals
31.3%
11,587
Baltimore Orioles
29.3%
7573
Texas Rangers
26.3%
10,198
Pittsburgh Pirates
25.3%
6138
New York Mets
25.3%
9988
Chicago White Sox
24.2%
9510
Minnesota Twins
24.2%
5196
Seattle Mariners
24.2%
5033
San Diego Padres
23.2%
6110
Milwaukee Brewers
22.2%
5754
Houston Astros
22.2%
6675
Anaheim Angels
21.2%
5207
Washington Nationals
21.2%
5007
Kansas City Royals
20.2%
5437
Toronto Blue Jays
19.2%
Quiz Playlist
Details
Report
Send in Message
Add To Playlist
Classic:
Type in answers that appear in a list
Forced Order:
Answers have to be entered in order
Last Updated: Feb 16, 2017
Quiz Scoreboard
CHALLENGE
Sign Up to Join the Scoreboard
Show All
Scores
Hide
Comments
May contain spoilers
Recently Published
One Thing in Common: World Cities II
by knightlancer
Geography
7m
Popular People in 1961
by mucciniale
History
6m
1-10 Letter E Words III
by El_Dandy
Language
2m
More to Explore
Quiz From the Vault
Featured Blog Post
Where Did the Easter Bunny Come From?
hide this ad
You Might Also Like...
Tags
home
Homer
Order
run
team
Today's Top Quizzes in Sports
Browse Sports
hide this ad
Today's Top Quizzes in team
Browse team
Top Contributed Quizzes in Sports
1
Les meilleurs buteurs des matchs entre le PSG et l’OM
2
Les entraîneurs de l'OM et du PSG au 21e siècle
3
2022 World Cup Stars
4
FIFA Club World Cup Champions
5
Name the Premier League winners with different clubs
6
La finale Lions - Afrique du Sud 2021
7
Criteria MLB: Left Handed Sluggers
8
Players with Multiple 50 Home Run Seasons
9
MLB Players with Two .350 Batting Average Seasons
10
MLB Hall of Famer by Rings
Explore More
Trending Topics
Disney
Harry Potter
Marvel
Crossword
Kpop
Anime
NBA
NFL
Song
Pokémon
WWE
The Office
Soccer
Puzzle
Country
hide this ad
More By:
seife2
Quiz
Plays
Rating
Category
Featured
Created
MLB Five 150+ Hits Teammates (2000s)
2,444
4.55
Sports
Feb 20, 2011
the most home runs by three teammates
1,257
3.78
Sports
Sep 1, 2010
10 Longest Sports Contracts
1,127
3.67
Sports
Dec 18, 2010
NCAAF/ NFL chain game
1,106
1.60
Sports
Jan 16, 2011
team leaders in BA, HR, RBI, OBP, Hits
676
3.36
Sports
Sep 1, 2010
Go to Creator's Profile
Score Distribution
Quiz Creator Spotlight
seife2
Follow
Send a Message
Quizzes Created
-
Created Quiz Play Count
-
More By This Creator
Popular Quizzes Today
1
Find the US States - No Outlines Minefield
2
The Countries of the World
3
Popular People in 1961
4
Find the Countries of Europe - No Outlines Minefield
5
1-10 Letter E Words III
6
Find the US States
7
One Thing in Common: World Cities II
8
US States
More Sports Quizzes
Big 4 Teams by Cancelled Stadium
Published
Trending Quizzes
1-10 Letter F Words
1-10 Letter G Words
Risky Map Clicking: Next State Alphabetically
1-10 Letter F Words II
Risky Map Clicking: States by Unique Starting Letters
Recently Updated
Leaping Animals
pecheneg
Reality TV Shows (A-Z)
bhenderson79
Rickey Henderson's Hall of Fame Teammates
pecheneg
Champions League XIs: Arsenal
pecheneg
Quick Pick: Celebrities in WWE's Hall of Fame
aduchscher
A-Z Keypad Blitz II
pecheneg
Multiple Oscar Actors
pecheneg
Mystery Phrase Blitz: Oscar 'Best Actors'
pecheneg
F. Scott Fitzgerald Novels
LTH
Pick 3 Villains
ddd62291
Trending Topics
Anime
Crossword
Kpop
NBA
Disney
Marvel
Harry Potter
Soccer
NFL
The Office
Pokémon
Country
Puzzle
WWE
Song
Your Account Isn't Verified!
In order to create a playlist on Sporcle, you need to verify the email address you used during registration. Go to your
Sporcle Settings
to finish the process.
Report this User
Report this user for behavior that violates our
Community Guidelines
.
Details:
Send Report
Go to the Sporcle.com Mobile Site →
Comments